Los ocho libros de cuestiones naturales /
Guardado en:
| Autor principal: | |
|---|---|
| Formato: | Libro |
| Idioma: | Español |
| Colección: | (Historia y Filosofía de la Ciencia. Serie Menor)
|
| Temas: | |
| Etiquetas: |
Sin etiquetas, Sé el primero en etiquetar este registro!
|
MARC
| LEADER | 00000nam^a2200000^a^4500 | ||
|---|---|---|---|
| 001 | 000374594 | ||
| 005 | 20250521000000.0 | ||
| 009 | 20260526142510.757 | ||
| 037 | |a Acervo Xavier Clavigero | ||
| 041 | |a ESP | ||
| 082 | |a 188. |b SEN | ||
| 100 | |a Séneca, Lucio Anneo, |c El Joven |e (autor) | ||
| 245 | 1 | 4 | |a Los ocho libros de cuestiones naturales / |c L.A. Séneca ; pref. y notas de Aldo Minelli ; tr. por J.L. Izquierdo Hernández. |
| 264 | |a Buenos Aires, Argentina : |b Espasa-Calpe, |c 1948 | ||
| 300 | |a 229 p. | ||
| 336 | |a texto |b txt |2 rdacontenido | ||
| 337 | |a sin mediación |b n |2 rdamedio | ||
| 338 | |a volumen |b nc |2 rdasoporte | ||
| 440 | 1 | |a (Historia y Filosofía de la Ciencia. |p Serie Menor) | |
| 649 | |a XX | ||
| 650 | |a Filósofos Latinos | ||
| 650 | |a Estoicos | ||
| 650 | |a Agua | ||
| 650 | |a Ríos - |z Africa | ||
| 650 | |a Río Nilo | ||
| 650 | |a Tormentas | ||
| 650 | |a Vientos | ||
| 650 | |a Terremotos | ||
| 650 | |a Cometas | ||
| 650 | |a Estrellas | ||
| 650 | |a Naturaleza - |x Filosofía - |x Tema Principal | ||
| 910 | |a Fondo General | ||
| 920 | |a Impresos - Libros | ||
| 930 | |a Colección General | ||
| 905 | |a 101 | ||
| 901 | |a 0500268374 |b IT1 |c ACC |i FXC D2400 |u 20250521 | ||
| 902 | |a https://opac.biblio.iteso.mx/vufind/Record/000374594 | ||